Rat run

Bibliographic Details
Main Author: Seymour, Gerald
Format: Book
Published: London : Transworld Publishers , 2005
Subjects:

MARC

LEADER 00000cam a2200000 7i4500
001 0000007813
005 20071226.0
008 070906
020 |a 0593055098 
090 0 0 |a SEY   |b ENG 
100 1 |a Seymour, Gerald 
245 1 0 |a Rat run   |c Gerald Seymour 
260 |a London :   |b Transworld Publishers ,   |c 2005 
650 0 |a English fiction 
650 0 |a Novel 
999 |a 0000991487   |b Book   |c Adult Collection   |e Perbadanan Perpustakaan Awam Johor 
999 |a 0000991488   |b Book   |c Adult Collection   |e Perbadanan Perpustakaan Awam Johor